AI and Machine Learning for Coders: (Record no. 606802)

000 -LEADER
fixed length control field 00393nam a22001337a 4500
040 ## - CATALOGING SOURCE
Transcribing agency NUST
082 ## - DEWEY DECIMAL CLASSIFICATION NUMBER
Classification number 006.31
Author Mark MOR
100 ## - MAIN ENTRY--PERSONAL NAME
Personal name Moroney, Laurence
9 (RLIN) 118622
245 ## - TITLE STATEMENT
Title AI and Machine Learning for Coders:
Remainder of title A Programmer’s Guide to Artificial Intelligence/
Statement of responsibility, etc. Laurence Moroney
260 ## - PUBLICATION, DISTRIBUTION, ETC.
Place of publication, distribution, etc. United States :
Name of publisher, distributor, etc. O’Reilly Media;
Date of publication, distribution, etc. 2021.
300 ## - PHYSICAL DESCRIPTION
Extent 366p.
521 ## - TARGET AUDIENCE NOTE
Source HB
942 ## - ADDED ENTRY ELEMENTS (KOHA)
Source of classification or shelving scheme
Koha item type Book
Holdings
Withdrawn status Lost status Source of classification or shelving scheme Damaged status Not for loan Permanent Location Current Location Shelving location Date acquired Total Checkouts Full call number Barcode Checked out Date last seen Date last checked out Price effective from Koha item type Total Renewals
          School of Mechanical & Manufacturing Engineering (SMME) School of Mechanical & Manufacturing Engineering (SMME) Aerospace Engineering 11/22/2023 1 006.31 MOR SMME-4405 08/28/2025 07/29/2025 07/29/2025 11/22/2023 Book  
          School of Mechanical & Manufacturing Engineering (SMME) School of Mechanical & Manufacturing Engineering (SMME) Aerospace Engineering 11/22/2023   006.31 MOR SMME-4406   11/22/2023   11/22/2023 Book  
          School of Mechanical & Manufacturing Engineering (SMME) School of Mechanical & Manufacturing Engineering (SMME) Aerospace Engineering 11/22/2023 1 006.31 MOR SMME-4407 12/13/2025 09/09/2025 09/09/2025 11/22/2023 Book 1
© 2023 Central Library, National University of Sciences and Technology. All Rights Reserved.